| 000 | 00706nam a2200241Ia 4500 | ||
|---|---|---|---|
| 003 | OSt | ||
| 005 | 20220925215300.0 | ||
| 006 | a|||||r|||| 00| 0 | ||
| 007 | ta | ||
| 008 | 220923b |||||||| |||| 00| 0 eng d | ||
| 037 | _cGeneral Book | ||
| 040 |
_aRTL _cRTL _beng |
||
| 041 |
_2eng _aeng |
||
| 082 | _aX72.3.N8<--N45, M0 | ||
| 100 |
_aSandford Cedric Ed. _9282475 |
||
| 245 | 0 | _aTaxation and social policy | |
| 260 |
_aLondon _bHeinemann Educational UK _c1980 |
||
| 300 |
_axi, 242p. Bib chapterwise _ccm. |
||
| 490 | _aStudies in social policy andwelfare | ||
| 650 | _aTax | ||
| 942 |
_hX72.3.N8<--N45, M0 _cGB _2CC |
||
| 999 |
_c568353 _d568353 |
||